| 000 | 00606nam a2200157 4500 | ||
|---|---|---|---|
| 005 | 20260327202749.0 | ||
| 008 | - | ||
| 020 | _a9789968090049 (tomo 1) | ||
| 040 |
_aBiblioteca LadoV Teorética _cBiblioteca LadoV Teorética _erda |
||
| 082 | 0 | 4 |
_a707 _bS563a |
| 100 | 1 | _aSibaja Hidalgo, Antonieta | |
| 245 | 1 | 0 |
_aActuar en territorios frágiles : _buna cartografía de la educación en el arte en Centroamérica / _cpor Antonieta Sibaja Hidalgo |
| 260 | 1 |
_aCosta Rica : _bMuseo de Arte y Diseño Contemporáneo, _c2023 |
|
| 300 |
_a97 páginas : _bilustraciones, fotografías ; _c24 x 21 cm. |
||
| 942 |
_2ddc _c1 _n0 |
||
| 999 |
_c4622 _d4622 |
||